| 000 | 00390 a2200121 4500 | ||
|---|---|---|---|
| 000 | nam a22 7a 4500 | ||
| 005 | 20260407094352.0 | ||
| 020 | _a9789374524503 | ||
| 100 |
_aRaj Sekhar Basu _91234173 |
||
| 245 | _aCorporate Philanthropy and Epidemics: Rockefeller Foundation and Anti-Hookworm Campaigns in Early Twentieth Century Fiji | ||
| 260 |
_bPrimus Books _c2026 |
||
| 942 | _cTEXL | ||
| 999 |
_c1848009 _d1848009 |
||